000 00558nam a22001577a 4500
003 ASAB
005 20180827062836.0
008 180510t xxu||||| |||| 00| 0 eng d
040 _cASAB
100 _aSamra Khalid-sup-Dr. Sheeba Murad
_93879
245 _aTH-MS-CXCL 12 Polymorphism (rs 1801157) and Expression Analysis in Peripheral Blood from Pakistani Breast Cancer Patients
_cSamra Khalid-sup-Dr. Sheeba Murad
260 _aIslamabad
_bASAB (NCVI)
_c2012
300 _axxiii, 141 P
_b30 cm
630 _aVirology and Immunology
_93880
942 _2ddc
_cTH
999 _c480840
_d480840